[Event "Sunway Formentera op 3rd"]
[Site "Sant Ferran de ses Roques"]
[Date "2024.04.18"]
[Round "9"]
[White "Moussard, Jules"]
[Black "Ivanchuk, Vassily"]
[Result "0-1"]
[WhiteElo "2610"]
[BlackElo "2611"]
[PlyCount "128"]
[EventDate "2024.04.09"]
[EventType "swiss"]
[EventRounds "10"]
[EventCountry "ESP"]
[SourceTitle "CB17_2024"]
[SourceDate "2024.04.24"]
[SourceVersion "1"]
[SourceVersionDate "2024.04.24"]
[SourceQuality "1"]

1. e4 c6 2. d4 d5 3. e5 Bf5 4. Nf3 e6 5. Be2 c5 6. c3 Nc6 7. Be3 Qb6 8. Qd2 Rd8 9. 0-0 h6 10. Qc1 Bg4 11. Nbd2 cxd4 12. cxd4 Nge7 13. h3 Bh5 14. g4 Bg6 15. Qc3 Nb4 16. Ne1 h5 17. Nb3 hxg4 18. hxg4 Rc8 19. Nc5 Nec6 20. a3 Qd8 21. g5 Bxc5 22. Qxc5 Na6 23. Qb5 Qb6 24. Qxb6 axb6 25. Rc1 Kd7 26. Ng2 Na5 27. Nf4 Bf5 28. Nh5 Nc4 29. Ng3 Bg6 30. Rc3 Nxb2 31. Rb3 Rc2 32. Bb5+ Kc7 33. Rc1 Rxc1+ 34. Bxc1 Nc4 35. Rc3 Kb8 36. Nf1 Rh4 37. f4 Nc7 38. Ba4 b5 39. Bd1 b4 40. axb4 Nb5 41. Rg3 Nxd4 42. Nh2 Be4 43. Nf1 g6 44. Kf2 b5 45. Be2 Kb7 46. Bd3 Bxd3 47. Rxd3 Nc6 48. Kg3 Rh8 49. Be3 d4 50. Bf2 Ka6 51. Be1 Ra8 52. Nh2 Ne3 53. Nf3 Nc2 54. Bd2 Kb6 55. Rb3 Ra2 56. Rb1 Ne7 57. Rh1 Nf5+ 58. Kf2 Nxb4 59. Rh7 Nd3+ 60. Ke2 Nxf4+ 61. Kd1 Ne3+ 62. Ke1 Ra1+ 63. Kf2 Rf1+ 64. Kg3 Ne2+ 0-1

[Event "Titled Tuesday intern op 02nd Apr Early"]
[Site "Chess.com INT"]
[Date "2024.04.02"]
[Round "5"]
[White "Andreikin, Dmitry"]
[Black "Ivanchuk, Vassily"]
[Result "1-0"]
[WhiteElo "2729"]
[BlackElo "2611"]
[PlyCount "65"]
[EventDate "2024.04.02"]
[EventType "swiss (blitz)"]
[EventRounds "11"]
[EventCountry "USA"]
[SourceTitle "CB15_2024"]
[SourceDate "2024.04.10"]
[SourceVersion "1"]
[SourceVersionDate "2024.04.10"]
[SourceQuality "1"]

1. e4 e5 2. Nf3 Nc6 3. Nc3 Nf6 4. d4 exd4 5. Nxd4 Bb4 6. Nxc6 bxc6 7. Bd3 d6 8. 0-0 Ng4 9. Qf3 0-0 10. Qg3 h5 11. h3 h4 12. Qf4 Ne5 13. Be3 Bxc3 14. bxc3 c5 15. Be2 Be6 16. Qh2 Bc4 17. Rae1 Re8 18. Bc1 Bxe2 19. Rxe2 Qf6 20. f4 Nc4 21. e5 Qf5 22. g4 hxg3 23. Qg2 Rad8 24. Rf3 dxe5 25. Rxg3 Rd1+ 26. Kh2 Rxc1 27. Rxg7+ Kf8 28. Re4 Ne3 29. Rg8+ Ke7 30. Rxe8+ Kxe8 31. Rxe5+ Kd7 32. Qd2+ Kc6 33. Qxe3 1-0

[Event "San Vicente op 8th"]
[Site "San Vicente"]
[Date "2024.03.28"]
[Round "3"]
[White "Arkell, Keith C"]
[Black "Ivanchuk, Vassily"]
[Result "0-1"]
[WhiteElo "2371"]
[BlackElo "2625"]
[PlyCount "88"]
[EventDate "2024.03.27"]
[EventType "swiss"]
[EventRounds "9"]
[EventCountry "ESP"]
[SourceTitle "CB14_2024"]
[SourceDate "2024.04.01"]
[SourceVersion "1"]
[SourceVersionDate "2024.04.01"]
[SourceQuality "1"]

1. d4 e6 2. c4 Nf6 3. Nf3 c5 4. d5 d6 5. Nc3 exd5 6. cxd5 g6 7. Nd2 Bg7 8. e4 0-0 9. Be2 Na6 10. 0-0 Ne8 11. Nc4 f5 12. exf5 Bxf5 13. Be3 Rb8 14. a4 Nb4 15. Qd2 Nc2 16. Bg5 Bf6 17. Bxf6 Nxf6 18. Rad1 Nd4 19. Bd3 b6 20. Bxf5 Nxf5 21. Ne3 Nd4 22. Ne2 Nxe2+ 23. Qxe2 Rb7 24. Ng4 Re7 25. Nxf6+ Rxf6 26. Qa6 Qe8 27. g3 g5 28. b4 Rh6 29. bxc5 Qh5 30. h4 gxh4 31. Rd4 Rc7 32. g4 Rg6 33. Qe2 bxc5 34. Rf4 Kg7 35. Qb2+ Kh6 36. Qd2 Qg5 37. Rd1 c4 38. Rd4 c3 39. Qxg5+ Kxg5 40. Rc1 Rg8 41. Kh2 c2 42. f3 Rc3 43. Rb4 Rgc8 44. Kg2 Rd3 0-1

[Event "Djerba Masters"]
[Site "Djerba"]
[Date "2024.02.20"]
[Round "4"]
[White "Moussard, Jules"]
[Black "Ivanchuk, Vassily"]
[Result "1/2-1/2"]
[WhiteElo "2630"]
[BlackElo "2623"]
[PlyCount "78"]
[EventDate "2024.02.18"]
[EventType "tourn"]
[EventRounds "7"]
[EventCountry "TUN"]
[EventCategory "14"]
[SourceTitle "CB09_2024"]
[SourceDate "2024.02.28"]
[SourceVersion "1"]
[SourceVersionDate "2024.02.28"]
[SourceQuality "1"]

1. e4 e5 2. Nf3 Nc6 3. Bb5 a6 4. Ba4 Nf6 5. 0-0 Be7 6. Re1 b5 7. Bb3 d6 8. c3 0-0 9. h3 Bb7 10. d4 Re8 11. Ng5 Rf8 12. Nf3 Re8 13. a3 h6 14. Ba2 Rc8 15. d5 Nb8 16. c4 bxc4 17. Bxc4 c6 18. dxc6 Nxc6 19. Ba2 Qd7 20. Nc3 Nd8 21. Bd2 Ne6 22. Rc1 Nc5 23. Bb1 Bc6 24. b4 Na4 25. Nxa4 Bxa4 26. Qe2 Bb5 27. Qe3 Rxc1 28. Rxc1 Rc8 29. Nh4 Rxc1+ 30. Bxc1 Ng4 31. Qg3 Qc7 32. Bd2 Bg5 33. Bxg5 hxg5 34. Qxg4 gxh4 35. Qg5 Qc3 36. Qd8+ Kh7 37. Qxh4+ Kg8 38. Qd8+ Kh7 39. Qh4+ Kg8 1/2-1/2

[Event "EU-ch Rapid"]
[Site "Zagreb"]
[Date "2023.12.15"]
[Round "8"]
[White "Ivanchuk, Vassily"]
[Black "Alexakis, Dimitris"]
[Result "1-0"]
[WhiteElo "2625"]
[BlackElo "2462"]
[PlyCount "79"]
[EventDate "2023.12.14"]
[EventType "swiss (rapid)"]
[EventRounds "11"]
[EventCountry "CRO"]
[SourceTitle "CB51_2023"]
[SourceDate "2023.12.20"]
[SourceVersion "1"]
[SourceVersionDate "2023.12.20"]
[SourceQuality "1"]

1. d4 Nf6 2. c4 e6 3. Nc3 Bb4 4. e3 0-0 5. Nge2 d5 6. a3 Be7 7. Ng3 c5 8. dxc5 dxc4 9. Bd2 Bxc5 10. Bxc4 a6 11. Nce4 Nxe4 12. Nxe4 b5 13. Nxc5 bxc4 14. Bc3 Nd7 15. Ne4 Bb7 16. Qg4 e5 17. Nd6 Bd5 18. Nxc4 Be6 19. Qe2 Qc7 20. Nd2 Nb6 21. Ba5 Qb7 22. 0-0 Na4 23. b3 Nc5 24. b4 Nb3 25. Nxb3 Bxb3 26. Rfc1 Rfc8 27. Rc5 Rxc5 28. bxc5 Qd5 29. Rc1 Ba4 30. e4 Qd4 31. c6 Bb5 32. c7 Rc8 33. Qe1 Ba4 34. Rb1 f6 35. h3 Kf7 36. Qe2 Bb5 37. Qh5+ Ke7 38. Bb4+ Kd7 39. Rd1 Bd3 40. Qf3 1-0

[Event "Zagreb Peace"]
[Site "Zagreb"]
[Date "2023.11.22"]
[Round "1"]
[White "Korobov, Anton"]
[Black "Ivanchuk, Vassily"]
[Result "1/2-1/2"]
[WhiteElo "2667"]
[BlackElo "2653"]
[PlyCount "82"]
[EventDate "2023.11.22"]
[EventType "tourn"]
[EventRounds "9"]
[EventCountry "CRO"]
[EventCategory "15"]
[SourceTitle "CB49_2023"]
[SourceDate "2023.12.06"]
[SourceVersion "1"]
[SourceVersionDate "2023.12.06"]
[SourceQuality "1"]

1. d4 Nf6 2. c4 e6 3. Nf3 d5 4. Nc3 c5 5. e3 Nc6 6. cxd5 exd5 7. Bb5 Bd6 8. dxc5 Bxc5 9. 0-0 0-0 10. b3 a6 11. Bxc6 bxc6 12. Bb2 Bd6 13. Rc1 Bg4 14. Ne2 Bxf3 15. gxf3 Rc8 16. Qd3 Nd7 17. Rfd1 Be5 18. Ba3 Re8 19. f4 Bf6 20. Qxa6 Ra8 21. Qxc6 Rxa3 22. Rxd5 Ra7 23. a4 Qe7 24. Ng3 Nf8 25. Nf5 Qa3 26. Qxe8 Qxc1+ 27. Kg2 g6 28. Nd6 Bh4 29. Nc4 Qe1 30. Rd2 Rc7 31. Rb2 Bf6 32. Rc2 Qd1 33. Qe4 Ne6 34. h3 Re7 35. Ne5 Bxe5 36. Rc8+ Nf8 37. fxe5 Qxb3 38. a5 Kg7 39. a6 Ne6 40. Qf3 Ra7 41. Qf6+ Kh6 1/2-1/2